000
00348pab a2200157 454500
008
180718b1998 xxu||||| |||| 00| 0 eng d
100
_a
Mehta, Suresh
245
_a
Future of RRBs - some concerns
260
_c
1998
300
_a
p.10-13
362
_a
Aug
650
_a
Credit
650
_a
Banks
773
_a
Banking Finance
909
_a
39088
999
_c
39088
_d
39088